Music Quiz

Random Music or Song Quiz
Score 0/50 Timer 15:00
0 Plays Today
Hint Answer % Correct
Ladbroke _____Grove
95.8%
______ SilvaThiago
94.3%
Fashion ____Week
87.5%
LA4A ____Week
87.5%
Wifey ______Riddim
86.5%
_____ Riddim 3Wifey
84.9%
Capri ___Sun
76%
_______ But NetNothing
75.5%
Lover / _____Loser
75%
_____ Out!Psych
72.9%
Blacked ___Out
72.4%
Country ____Star
66.7%
Leave Me _____Alone
64.1%
Horror _____Flick
62%
____ CageLuke
59.4%
Double __Cs
57.8%
______ STriple
51.6%
______ CannonBuster
51%
___________ (Secure The Bag!)Quarterback
49%
You Don't ____ __Know Me
48.4%
____ BPlan
48.4%
_____ ItDoing
43.2%
_________ LeagueChampions
42.7%
_____ MePrada
41.7%
Wifey Riddim _2
41.7%
Hint Answer % Correct
False _9
39.1%
______ BombSpirit
38.5%
___________Butterflies
33.9%
Luvd _U
33.3%
3__AM
33.3%
Tour ____Team
29.2%
_____Pasta
28.6%
________Necklace
26%
____Rina
25.5%
_______Jackpot
25%
____Mimi
24%
________Packages
22.9%
Red ____Bull
22.4%
Bare _____Girls
21.4%
______ On GangHating
20.3%
They ____Said
17.7%
The ____Lane
17.2%
______Shisha
14.1%
_____Naila
11.5%
_____Italy
9.4%
____Antics
6.8%
________ Like MeSomebody
6.3%
___AAA
6.3%
The ______Rumble
4.7%
_____Chalk
4.7%
Remove Ads.
Support Sporcle.
Get the best of Sporcle when you Go Orange. This ad-free experience offers more features, more stats, and more fun while also helping to support Sporcle. Thank you for becoming a member.

You're not logged in!

Compare scores with friends on all Sporcle quizzes.
OR
Log In

Show Comments

Extras

Created Sep 24, 2019ReportNominate
Tags:Song Quiz

Top Quizzes Today


Score Distribution

Your Account Isn't Verified!

In order to create a playlist on Sporcle, you need to verify the email address you used during registration. Go to your Sporcle Settings to finish the process.

Report this User

Report this user for behavior that violates our Community Guidelines.

Details: